000 00814nas a2200265 4500
001 BR0807774
003 BR-BrBNA
005 20231205112730.0
007 ta
008 230509b bl.|||p| |||| 00| 00por d
040 _aBR-BrBNA
_bpor
_cBiblioteca Nacional de Agricultura
041 _a(En)
072 _aF60
100 1 _aSouza, C.R.B. de
100 1 _aAlmeida, E.R.P. de
100 1 _aCarvalho, L.J.C.B.
100 1 _aGander, E.S.
245 1 _aStudies toward the identification of transcription factors in cassava storage root
650 _aMANDIOCA
650 _aBIOLOGIA VEGETAL
650 _aRAIZ
773 0 _tBrazilian Journal of Plant Physiology (Brazil)
_xISSN 1677-0420
_g(Sep-Dec 2003), v. 15(3) p. 166-170
_wBR0807774
909 _a202311
_bLúcia
_c55
_dLúcia Elande
942 _2AGRIS
_n0
_cANA
999 _c199643
_d199643